000
00310nam a22001337a 4500
999
_c
17361
_d
17361
003
NUST
005
20190405060319.0
008
150916t xxu||||| |||| 00| 0 eng d
038
_a
ASAB
082
_a
576
100
_a
Rajiv Tyagi
_9
12791
245
_a
computational genetics
_c
by Rajiv Tyagi
942
_2
ddc
_c
BK